NCAA Starting QB to Their Team (Power 4) - Statistics

General Stats
  • This quiz has been taken 46 times
  • The average score is 35 of 67
Answer Stats
Hint Answer % Correct
Cam Ward Miami
95%
Quinn Ewers Texas
95%
Jalen Milroe Alabama
92%
Shedeur Sanders Colorado
92%
Carson Beck Georgia
92%
Jaxston Dart Ole Miss
92%
Dillon Gabriel Oregon
92%
WIll Howard Ohio St
89%
Cade Klubnik Clemson
86%
Dylan Raiola Nebraska
86%
Kyle McCord Syracuse
84%
DJ Uiagalelei Florida St
81%
Garrett Nussmeier LSU
81%
Drew Allar Penn St
81%
Nico Iamaleava Tennessee
81%
Brady Cook Missouri
78%
Miller Moss USC
78%
Diego Pavia Vanderbilt
78%
Alex Orji Michigan
76%
Kurtis Rourke Indiana
73%
LaNorris Sellers South Carolina
73%
Haynes King Georgia Tech
68%
Jalon Daniels Kansas
68%
Avery Johnson Kansas St
68%
Connor Weigman Texas AM
68%
Cam Rising Utah
68%
Noah Fifita Arizona
65%
Sam Leavitt Arizona St
62%
Cade McNamara Iowa
62%
Jackson Arnold Oklahoma
59%
Thomas Castellanos Boston College
54%
Graham Mertz Florida
54%
Brock Vandagriff Kentucky
54%
Maalik Murphy Duke
51%
Aidan Chiles Michigan St
51%
Payton Thorne Auburn
49%
Tyler Shough Louisville
46%
Rocco Becht Iowa St
43%
KJ Jefferson UCF
43%
Grayson McCall NC St
41%
Kyron Drones Virginia Tech
41%
Athan Kaliakmanis Rutgers
38%
Will Rogers Washington
38%
Taylen Green Arkansas
35%
Kurt Altmyer Illinois
35%
Alan Bowman Oklahoma St
35%
Hudson Card Purdue
35%
Tyler Van Dyke Wisconsin
32%
Brendan Sorsby Cincinnati
30%
Max Brosmer Minnesota
27%
Max Johnson North Carolina
27%
Preston Stone SMU
27%
Josh Hoover TCU
27%
Ethan Garbers UCLA
27%
Eli Holstein Pitt
24%
Blake Shapen Mississippi St
22%
Behren Morton Texas Tech
22%
Garret Greene West Virginia
22%
Ashton Daniels Stanford
19%
Dequan Finn Baylor
16%
Gerry Bohanon BYU
16%
Anthony Colandrea Virginia
16%
Donovan Smith Houston
14%
MJ Morris Maryland
14%
Chandler Rogers Cal
11%
Hank Bachmeier Wake Forest
11%
Mike Wright Northwestern
5%
No matching quizzes found
Score Distribution
Percent of People with Each Score
Percentile by Number Answered
Your Score History
You have not taken this quiz